| Tag |
First Indicator |
Second Indicator |
Subfields |
| LEADER |
00000cam a22000001a 4500 |
| 001 |
in00003132513 |
| 005 |
20190403170615.0 |
| 006 |
m o d |
| 007 |
cr un mmmapmmp |
| 008 |
080105s1938 dcud o f000 0 eng d |
| 035 |
|
|
|a cis2004203047
|
| 040 |
|
|
|a UMI
|c UMI
|d UtOrBLW
|
| 043 |
|
|
|a n-us---
|
| 099 |
|
|
|a ProQuest Serial Set Number 10264 H.doc.502
|
| 110 |
1 |
|
|a United States.
|b Congress.
|b House.
|b Committee on Appropriations.
|
| 245 |
1 |
0 |
|a Communication from the President of the United States transmitting for the consideration of Congress estimates of appropriations submitted by the Navy Department to pay claims for damages by collision or damages incident to the operations of vessels of the Navy, in the sum of $1,337.97, which have been considered and adjusted under the provisions of the Act of December 28, 1922 (U. S. C., title 34, sec. 599).
|
| 246 |
1 |
|
|a Estimates submitted by Navy Department to pay claims for damages by naval vessels
|
| 264 |
|
1 |
|a Washington :
|b [publisher not identified],
|c 1938.
|
| 300 |
|
|
|a 1 online resource.
|
| 336 |
|
|
|a text
|b txt
|2 rdacontent
|
| 337 |
|
|
|a computer
|b c
|2 rdamedia
|
| 338 |
|
|
|a online resource
|b cr
|2 rdacarrier
|
| 490 |
0 |
|
|a H.doc.502
|
| 500 |
|
|
|a Record is based on bibliographic data in ProQuest U.S. Serial Set Digital Collection (last viewed Jan. 2008). Reuse except for individual research requires license from ProQuest, LLC.
|
| 510 |
3 |
|
|a ProQuest U.S. Serial Set Digital Collection
|
| 500 |
|
|
|a Electronic resource.
|
| 650 |
|
0 |
|a Budget
|z United States.
|
| 650 |
|
0 |
|a Claims.
|
| 650 |
|
0 |
|a Armored vessels.
|
| 655 |
|
7 |
|a Electronic books.
|2 local
|
| 710 |
2 |
|
|a ProQuest (Firm)
|
| 830 |
|
0 |
|a United States congressional serial set.
|
| 856 |
4 |
0 |
|u http://proxy.library.tamu.edu/login?url=http://congressional.proquest.com/congcomp/getdoc?SERIAL-SET-ID=10264+H.doc.502
|z Connect to the full text of this electronic book
|t 0
|
| 999 |
|
|
|a MARS
|
| 999 |
f |
f |
|s 266bf58d-703e-3d22-92d6-23e796cb0dda
|i e54aa0f7-cbdb-3f83-b637-ffa8ba6c1509
|t 0
|
| 952 |
f |
f |
|a Texas A&M University
|b College Station
|c Electronic Resources
|d Available Online
|t 0
|e ProQuest Serial Set Number 10264 H.doc.502
|h Other scheme
|
| 998 |
f |
f |
|a ProQuest Serial Set Number 10264 H.doc.502
|t 0
|l Available Online
|